Loading...
| Current Events | 1 | 10.00 | 100% | 0% | 0% |
| Fine Arts - Auditory Fine Arts | 3 | 10.00 | 100% | 0% | 0% |
| Fine Arts - Other Fine Arts | 7 | 10.00 | 86% | 14% | 0% |
| Fine Arts - Visual Fine Arts | 3 | 16.67 | 100% | 67% | 0% |
| Geography | 2 | 10.00 | 100% | 0% | 0% |
| History - European History | 1 | 10.00 | 100% | 0% | 0% |
| History - Other History | 5 | 14.00 | 100% | 40% | 0% |
| History - World History | 5 | 16.00 | 80% | 80% | 0% |
| Literature - American Literature | 2 | 5.00 | 50% | 0% | 0% |
| Literature - British Literature | 5 | 12.00 | 60% | 60% | 0% |
| Literature - European Literature | 5 | 16.00 | 100% | 20% | 40% |
| Literature - World Literature | 2 | 10.00 | 100% | 0% | 0% |
| Mythology | 4 | 15.00 | 75% | 50% | 25% |
| Other Academic | 1 | 10.00 | 100% | 0% | 0% |
| Philosophy | 6 | 13.33 | 100% | 33% | 0% |
| Religion | 6 | 20.00 | 100% | 83% | 17% |
| Science - Biology | 3 | 16.67 | 100% | 33% | 33% |
| Science - Chemistry | 5 | 8.00 | 60% | 20% | 0% |
| Science - Other Science | 8 | 7.50 | 75% | 0% | 0% |
| Science - Physics | 2 | 15.00 | 100% | 50% | 0% |
| Social Science | 5 | 12.00 | 100% | 20% | 0% |